Normal view MARC view

Entry Personal Name

Number of records used in: 1

001 - CONTROL NUMBER

  • control field: 42686

003 - CONTROL NUMBER IDENTIFIER

  • control field: dpl

005 - DATE AND TIME OF LATEST TRANSACTION

  • control field: 20120221124716.0

008 - FIXED-LENGTH DATA ELEMENTS

  • fixed length control field: 120221|||a|||||| | ||| d

040 ## - CATALOGING SOURCE

  • Original cataloging agency: dpl
  • Transcribing agency: dpl

100 ## - HEADING--PERSONAL NAME

  • Personal name: तिवारी, रामचन्द्र

670 ## - SOURCE DATA FOUND

  • Source citation: Work cat.: (dpl): तिवारी, रामचन्द्र, हमारा पर्यावरणः, 2011

670 ## - SOURCE DATA FOUND

  • Source citation: Work cat.: (dpl): तिवारी, रामचन्द्र, हमारा पर्यावरणः, 2011

© Delhi Public Library
Hit Counter
free hit counter